000 00426cam a2200169ua 4500
001 4676
008 120410n1992 II |||gr||||Z||||||eng
040 _aMAIN
041 _aEnglish
082 _a342.02 54 RAI
100 _aRAI, B. C.
245 _aCONSTITUTIONAL HISTORY OF INDIA AND NATIONAL MOVEMENT
260 _aLUCKNOW
_bPRAKASHAN KENDRA
_c1992
300 _a355:
_c20CM.
653 _aCONSTITUTION OF INDIA
942 _cBK
999 _c4663
_d4663